‘Sounds the Same’ Slideshow II Quiz Stats

 Plays Quiz Updated Sep 10, 2014

Challenge
Share
Tweet
Score 0/20 Timer 05:00
2 Plays Today
% Correct
Beatles & Beetles
97.7%
Flour & Flower
96.5%
Peas & Pees
96.4%
Hair & Hare
95.9%
Peace & Piece
94.8%
Knight & Night
94.4%
Ring & Wring
93.8%
Tea & Tee
93.5%
Moose & Mousse
91.6%
Stake & Steak
90.2%
% Correct
Fir & Fur
90.2%
Hangar & Hanger
89%
Blew & Blue
86.4%
Wail & Whale
86.2%
Thyme & Time
80.6%
Arc & Ark
79.4%
Cent & Scent
72.2%
Scull & Skull
68.7%
Beach & Beech
61.9%
Naval & Navel
52.7%

You're not logged in!

Compare scores with friends on all Sporcle quizzes.
OR
Log In

You Might Also Like...

Show Comments

Extras

Top Quizzes Today


Score Distribution

Your Account Isn't Verified!

In order to create a playlist on Sporcle, you need to verify the email address you used during registration. Go to your Sporcle Settings to finish the process.

Report this User

Report this user for behavior that violates our Community Guidelines.

Details: